Catálogo

Técnicas de investigación aplicadas a las ciencias sociales / (Registro nro. 68282)

Detalles MARC
000 -LEADER
fixed length control field 01424cam a2200373 i 4500
001 - CONTROL NUMBER
control field 68282
003 - CONTROL NUMBER IDENTIFIER
control field Mx-PuUPA
005 - DATE AND TIME OF LATEST TRANSACTION
control field 20250610093806.0
008 - FIXED-LENGTH DATA ELEMENTS--GENERAL INFORMATION
fixed length control field 190705s1979 mx bd gr 001 0 spa d
020 ## - INTERNATIONAL STANDARD BOOK NUMBER
International Standard Book Number 9789681602888
040 ## - CATALOGING SOURCE
Original cataloging agency Mx-PuUPA
Language of cataloging spa
Transcribing agency Mx-PuUPA
Modifying agency Mx-PuUPA
Description conventions rda
041 0# - LANGUAGE CODE
Language code of text/sound track or separate title spa
100 1# - MAIN ENTRY--PERSONAL NAME
Personal name Padua N., Jorge,
Relator term autor
9 (RLIN) 9527
245 10 - TITLE STATEMENT
Title Técnicas de investigación aplicadas a las ciencias sociales /
Statement of responsibility, etc. Jorge Padua, Ingvar Ahman, Héctor Apezechea, Carlos Borsotti
250 ## - EDITION STATEMENT
Edition statement Primera edición
264 #1 - PRODUCTION, PUBLICATION, DISTRIBUTION, MANUFACTURE, AND COPYRIGHT NOTICE
Place of production, publication, distribution, manufacture Ciudad de México :
Name of producer, publisher, distributor, manufacturer Fondo de Cultura Económica,
Date of production, publication, distribution, manufacture, or copyright notice ©1979
300 ## - PHYSICAL DESCRIPTION
Extent 360 páginas, 1 hoja plegada (sin paginación) :
Other physical details mapas, gráficas ;
Dimensions 23 cm
336 ## - CONTENT TYPE
Content type term texto
Fuente rdacontent
Content type code txt
337 ## - MEDIA TYPE
Media type term sin medio
Source rdamedia
Media type code n
338 ## - CARRIER TYPE
Carrier type term volumen
Source rdacarrier
Carrier type code nc
490 0# - SERIES STATEMENT
Series statement Sección de Obras de Sociología
500 ## - GENERAL NOTE
General note Reimpresiones: (Decimotercera, 2016).
650 #7 - SUBJECT ADDED ENTRY--TOPICAL TERM
Topical term or geographic name entry element Ciencias sociales
General subdivision Metodología
Source of heading or term armarc
650 #7 - SUBJECT ADDED ENTRY--TOPICAL TERM
Topical term or geographic name entry element Ciencia
General subdivision Investigación
Source of heading or term armarc
650 #7 - SUBJECT ADDED ENTRY--TOPICAL TERM
Topical term or geographic name entry element Ciencias sociales
General subdivision Investigaciones
Source of heading or term armarc
700 1# - ADDED ENTRY--PERSONAL NAME
Personal name Padua, Jorge,
Relator term coordinador
700 1# - ADDED ENTRY--PERSONAL NAME
Personal name Ahman, Ingvar,
Relator term autor
700 1# - ADDED ENTRY--PERSONAL NAME
Personal name Apezechea, Héctor,
Relator term autor
700 1# - ADDED ENTRY--PERSONAL NAME
Personal name Borsotti, Carlos
Relator term autor
942 ## - ADDED ENTRY ELEMENTS (KOHA)
Source of classification or shelving scheme Dewey Decimal Classification
Koha item type Libro
Classification part 300.72
Item part P123
Existencias
Withdrawn status Lost status Source of classification or shelving scheme Damaged status Not for loan Collection code Home library Current library Shelving location Date acquired Total Checkouts Full call number Barcode Date last seen Price effective from Koha item type Source of acquisition Cost, normal purchase price Cost, replacement price Copy number
    Dewey Decimal Classification     General Biblioteca Karol Wojtyla Biblioteca Karol Wojtyla Sala general 19/08/2021   300.72 P123 1979 100592 05/01/2026 19/08/2021 Libro 1 189.00 189.00  
    Dewey Decimal Classification     General Biblioteca Karol Wojtyla Biblioteca Karol Wojtyla Sala general 19/08/2021   300.72 P123 1979 100593 05/01/2026 19/08/2021 Libro 1 189.00 189.00 Ej.2
    Dewey Decimal Classification     General Tehuacán Tehuacán Sala general 05/07/2019   300.72 P123 1979 968000000154 08/01/2025 05/07/2019 Libro        
    Dewey Decimal Classification     General Tehuacán Tehuacán Sala general 15/03/2023   300.72 P123 1979 968000001441 08/01/2025 15/03/2023 Libro       Ej.2
    Dewey Decimal Classification     General Tehuacán Tehuacán Sala general 15/03/2023   300.72 P123 1979 968000001401 08/01/2025 15/03/2023 Libro       Ej.3